[Event "GER-ch54 V03 email"]
[Site "GER email"]
[Date "2022.05.01"]
[Round "?"]
[White "Doderer, Harald"]
[Black "Ensenbach, Marc"]
[Result "1/2-1/2"]
[WhiteElo "2116"]
[BlackElo "2155"]
[PlyCount "125"]
[EventDate "2022.05.01"]
[EventType "tourn (corr)"]
[EventRounds "10"]
[EventCountry "GER"]
[SourceTitle "Corr 2024"]
[Source "ChessBase"]
[SourceDate "2023.10.19"]
[SourceVersion "1"]
[SourceVersionDate "2023.10.19"]
[SourceQuality "1"]

1. e4 c5 2. Nf3 Nc6 3. Bb5 e6 4. 0-0 Nge7 5. Re1 Nd4 6. Nxd4 cxd4 7. c3 Nc6 8. d3 Bc5 9. Nd2 0-0 10. Nb3 Bb6 11. Bxc6 dxc6 12. Nxd4 Bxd4 13. cxd4 Qxd4 14. Qc2 Rd8 15. Be3 Qf6 16. d4 Bd7 17. f3 Be8 18. Rac1 h6 19. h3 Rd7 20. Qf2 Qe7 21. Rc5 Rad8 22. a3 Kh7 23. Kh1 f6 24. Qc2 Bg6 25. Qc3 Rf8 26. Bf2 Qd8 27. Kg1 a6 28. Re2 Re8 29. Re1 Rf8 30. Re2 Rc7 31. Qd2 Rd7 32. Qe3 f5 33. Re5 fxe4 34. fxe4 Rdf7 35. Rxe6 Re8 36. Bh4 Qd7 37. Rxe8 Qxe8 38. Bg3 Re7 39. e5 Bf5 40. Bh4 g5 41. Be1 Be6 42. Rf2 Rf7 43. Qe4+ Kg7 44. Rf6 Rxf6 45. exf6+ Kg8 46. h4 Bf7 47. Qxe8+ Bxe8 48. Bd2 gxh4 49. Bxh6 Kf7 50. Bg5 Kg6 51. Bxh4 Kf5 52. Kf2 Bf7 53. a4 a5 54. Ke3 Bb3 55. Kd3 Bd5 56. g3 Kg4 57. Kc3 Bf7 58. b3 b6 59. b4 Kh5 60. bxa5 bxa5 61. Kc2 Kg4 62. Kd3 Bd5 63. Ke3 1/2-1/2

[Event "GER-ch54 V03 email"]
[Site "GER email"]
[Date "2022.05.01"]
[Round "?"]
[White "Zielinski, Sergej"]
[Black "Doderer, Harald"]
[Result "1/2-1/2"]
[WhiteElo "2072"]
[BlackElo "2116"]
[PlyCount "67"]
[EventDate "2022.05.01"]
[EventType "tourn (corr)"]
[EventRounds "10"]
[EventCountry "GER"]
[SourceTitle "Corr 2024"]
[Source "ChessBase"]
[SourceDate "2023.10.19"]
[SourceVersion "1"]
[SourceVersionDate "2023.10.19"]
[SourceQuality "1"]

1. c4 e5 2. Nc3 Nf6 3. Nf3 Nc6 4. g3 d5 5. cxd5 Nxd5 6. Bg2 Bc5 7. 0-0 0-0 8. d3 h6 9. Nxd5 Qxd5 10. Bd2 a5 11. Bc3 Qe6 12. e3 Rd8 13. Re1 Qf6 14. d4 exd4 15. exd4 Bg4 16. dxc5 Rxd1 17. Bxf6 Rxa1 18. Rxa1 gxf6 19. Nd2 Kg7 20. Nc4 Be6 21. Ne3 a4 22. a3 Ra5 23. Bxc6 bxc6 24. Nd1 Rb5 25. Rc1 f5 26. Rc3 Bb3 27. Rd3 Bxd1 28. Rxd1 Rxc5 29. Rd4 Ra5 30. Rh4 c5 31. Kg2 Kg6 32. Kg1 Rb5 33. Rxa4 Rxb2 34. Rc4 1/2-1/2

[Event "GER-ch52 final email"]
[Site "GER email"]
[Date "2022.04.15"]
[Round "?"]
[White "Doderer, Harald"]
[Black "Jung, Reiner"]
[Result "1-0"]
[WhiteElo "2402"]
[BlackElo "2380"]
[PlyCount "39"]
[EventDate "2022.??.??"]
[EventType "tourn (corr)"]
[EventRounds "14"]
[EventCountry "GER"]
[SourceTitle "Corr 2024"]
[Source "ChessBase"]
[SourceDate "2023.10.19"]
[SourceVersion "1"]
[SourceVersionDate "2023.10.19"]
[SourceQuality "1"]

1. e4 e5 2. Nf3 Nc6 3. Bb5 a6 4. Ba4 Nf6 5. 0-0 Be7 6. Re1 b5 7. Bb3 d6 8. c3 0-0 9. h3 Nb8 10. d4 Nbd7 11. Nbd2 Bb7 12. Bc2 Re8 13. Nf1 Bf8 14. Ng3 g6 15. Bd2 Bg7 16. Qc1 d5 17. Bg5 Qc8 18. dxe5 Nxe4 19. Bf4 Nxg3 20. Bxg3 1-0

[Event "GER-ch52 final email"]
[Site "GER email"]
[Date "2022.04.15"]
[Round "?"]
[White "Hildebrand, Gerald"]
[Black "Doderer, Harald"]
[Result "1/2-1/2"]
[WhiteElo "2390"]
[BlackElo "2402"]
[PlyCount "79"]
[EventDate "2022.??.??"]
[EventType "tourn (corr)"]
[EventRounds "14"]
[EventCountry "GER"]
[SourceTitle "Corr 2024"]
[Source "ChessBase"]
[SourceDate "2023.10.19"]
[SourceVersion "1"]
[SourceVersionDate "2023.10.19"]
[SourceQuality "1"]

1. d4 Nf6 2. c4 e6 3. Nf3 d5 4. Nc3 c6 5. e3 Nbd7 6. Qc2 Bd6 7. Be2 0-0 8. 0-0 dxc4 9. Bxc4 a6 10. e4 e5 11. Rd1 Qc7 12. h3 b5 13. Bf1 exd4 14. Nxd4 Re8 15. Be3 g6 16. Rac1 Bb7 17. Qd2 Nb6 18. Nb3 Rad8 19. Qe1 b4 20. Bxb6 Qxb6 21. Na4 Qa7 22. Nac5 Bc8 23. e5 Nd5 24. Nd3 a5 25. Rxc6 Bf8 26. Rdc1 Bd7 27. R6c4 Bb5 28. Re4 Nc7 29. Nbc5 Na6 30. Qe3 Nxc5 31. Nxc5 Bc6 32. Nb3 Qa8 33. Rg4 Bg7 34. f4 Bd5 35. Bb5 Re7 36. Bc4 Bxc4 37. Rxc4 Qa6 38. Rd4 Qb6 39. Rxd8+ Qxd8 40. Nd2 1/2-1/2

[Event "GER-ch52 final email"]
[Site "GER email"]
[Date "2022.04.15"]
[Round "?"]
[White "Mislin, Roger"]
[Black "Doderer, Harald"]
[Result "1/2-1/2"]
[WhiteElo "2345"]
[BlackElo "2402"]
[PlyCount "92"]
[EventDate "2022.??.??"]
[EventType "tourn (corr)"]
[EventRounds "14"]
[EventCountry "GER"]
[SourceTitle "Corr 2024"]
[Source "ChessBase"]
[SourceDate "2023.10.19"]
[SourceVersion "1"]
[SourceVersionDate "2023.10.19"]
[SourceQuality "1"]

1. e4 c5 2. Nf3 Nc6 3. d4 cxd4 4. Nxd4 Nf6 5. Nc3 e5 6. Ndb5 d6 7. Bg5 a6 8. Na3 b5 9. Nd5 Be7 10. Bxf6 Bxf6 11. c3 Bg5 12. Nc2 Rb8 13. Be2 0-0 14. 0-0 Be6 15. Qd3 g6 16. Rfd1 Qd7 17. Qg3 Bd8 18. Rd2 Kh8 19. Rad1 Qb7 20. Nce3 f5 21. exf5 gxf5 22. f4 Ne7 23. Kh1 Rg8 24. Qe1 Ng6 25. Bf3 Qg7 26. g3 exf4 27. Nxf4 Nxf4 28. gxf4 Bb6 29. Nd5 Bc5 30. b4 Ba7 31. c4 Rbe8 32. Qf1 bxc4 33. Rg2 Qf7 34. Qxc4 Rc8 35. Qe2 Rxg2 36. Bxg2 Rg8 37. Qb2+ Qg7 38. Qxg7+ Rxg7 39. a4 Bxd5 40. Rxd5 Rb7 41. b5 Rc7 42. h3 axb5 43. axb5 Be3 44. Rxf5 Rc4 45. Bc6 Rxf4 46. Rxf4 Bxf4 1/2-1/2